MADRE DI DIO. N. XI ANNO LXII NOVEMBRE 1994 MENSILE MARIANO. (Record n. 320540)
[ formato base ]
| 000 -LEADER | |
|---|---|
| fixed length control field | 01918nas a2200277Ia 4500 |
| 001 - CONTROL NUMBER | |
| control field | R235-R2465 |
| 003 - CONTROL NUMBER IDENTIFIER | |
| control field | IT-CnALBA |
| 008 - FIXED-LENGTH DATA ELEMENTS--GENERAL INFORMATION | |
| fixed length control field | 170116c99999999xx |||||||||||| ||und|| |
| 040 ## - CATALOGING SOURCE | |
| Original cataloging agency | IT-CnALBA |
| Transcribing agency | IT-CnALBA |
| 041 ## - LANGUAGE CODE | |
| Language code of text/sound track or separate title | ITALIANO |
| 999 ## - SYSTEM CONTROL NUMBERS (KOHA) | |
| Koha Dewey Subclass [OBSOLETE] | NO |
| 100 ## - MAIN ENTRY--PERSONAL NAME | |
| Personal name | GUITTON JEAN, ACCADEMICO DI FRANCIA |
| 210 ## - ABBREVIATED TITLE | |
| Abbreviated title | MADRE DI DIO |
| 222 ## - KEY TITLE | |
| Key title | MADRE DI DIO |
| 245 #0 - TITLE STATEMENT | |
| Title | MADRE DI DIO. N. XI ANNO LXII NOVEMBRE 1994 MENSILE MARIANO. |
| 250 ## - EDITION STATEMENT | |
| Edition statement | 1a ed. |
| 260 ## - PUBLICATION, DISTRIBUTION, ETC. (IMPRINT) | |
| Place of publication, distribution, etc. | CINISELLO BALSAMO (MI) |
| Name of publisher, distributor, etc. | EDIZIONI PAOLINE |
| Date of publication, distribution, etc. | 1994 |
| 300 ## - PHYSICAL DESCRIPTION | |
| Extent | 32 p. |
| 310 ## - CURRENT PUBLICATION FREQUENCY | |
| Current publication frequency | MENSILE |
| 362 ## - DATES OF PUBLICATION AND/OR SEQUENTIAL DESIGNATION | |
| Dates of publication and/or sequential designation | Fascicolo: 11 / Anno: 62 (1994) |
| 500 ## - GENERAL NOTE | |
| General note | MARIA REALTÀ E SIMBOLO. UNITÀ DEI CRISTIANI SOLLECITUDINE DI D. ALBERIONE. JEAN GUITTON E LA MEDAGLIA MIRACOLOSA. CON MARIA SOTTO LA CROCE. MADRE DEL CARMELO. CARDINAL STEPINAC PROFETA DI PACE PER LA JUGOSLAVIA. DAMINELLI G. MURO DI BERLINO A FATIMA. MADONNA DEL MILLE IN S. CLEMENTE ROMA. STORIA DELL'EUROPA VISTA DA FATIMA. VERO VOLTO DELLA DONNA IN MARIA. MARIOLOGIA FERRARO P. REGINA DELLA PACE, VALLE REATINA, VERGINE POVERELLA. S. SERGIO DI RADOMEZ E LA ICONOGRAFIA. APOSTOLATO DAL LETTO DI DOLORE. SUOR BENEDETTA FREY. CASA PAOLINA A FATIMA. |
| 501 ## - WITH NOTE | |
| With note | Società San Paolo EM - Piazza San Paolo, 14 - 12051 ALBA (CN) (non commercial uses only) ® Copyright 2017 |
| 520 ## - SUMMARY, ETC. | |
| Summary, etc. | MARIA REALTÀ E SIMBOLO. UNITÀ DEI CRISTIANI SOLLECITUDINE DI D. ALBERIONE. JEAN GUITTON E LA MEDAGLIA MIRACOLOSA. CON MARIA SOTTO LA CROCE. MADRE DEL CARMELO. CARDINAL STEPINAC PROFETA DI PACE PER LA JUGOSLAVIA. DAMINELLI G. MURO DI BERLINO A FATIMA. MADONNA DEL MILLE IN S. CLEMENTE ROMA. STORIA DELL'EUROPA VISTA DA FATIMA. VERO VOLTO DELLA DONNA IN MARIA. MARIOLOGIA FERRARO P. REGINA DELLA PACE, VALLE REATINA, VERGINE POVERELLA. S. SERGIO DI RADOMEZ E LA ICONOGRAFIA. APOSTOLATO DAL LETTO DI DOLORE. SUOR BENEDETTA FREY. CASA PAOLINA A FATIMA. |
| 650 ## - SUBJECT ADDED ENTRY--TOPICAL TERM | |
| Topical term or geographic name as entry element | ANGELI SANTI DEMONI |
| 942 ## - ADDED ENTRY ELEMENTS (KOHA) | |
| Koha item type | RIVISTA |
| 957 ## - | |
| -- | 1 |
| 999 ## - SYSTEM CONTROL NUMBERS (KOHA) | |
| -- | 1 |
| Withdrawn status | Lost status | Damaged status | Not for loan | Home library | Current library | Date acquired | Total Checkouts | Full call number | Date last seen | Price effective from | Koha item type | Public note |
|---|---|---|---|---|---|---|---|---|---|---|---|---|
| Buone Condizioni | Not For Loan | ALBA - Biblioteca | ALBA - Biblioteca | 16/01/2017 | R235-R2465 | 16/01/2017 | 16/01/2017 | RIVISTA | (data import: 16 gennaio 2017) - By Epidotti, Vaglietti. |